000 00420nam a2200181Ia 4500
001 14016
005 20260306164843.0
008 260306t2012||||xx |||||||||||||| ||spa||
041 _aESP
082 _a005.8
_bS78
100 _aStallings, William
_eAUT
245 0 _aComputer security :
_bprinciples and practice
260 _c2012
300 _a
_c
650 _aGEN
654 _aCCC
942 _cLIB
_dJUS
_fJUS
_2ddc
_n
999 _c14016
_d14016